| 000 | 07046nam a22006857a 4500 | ||
|---|---|---|---|
| 005 | 20120530164012.0 | ||
| 010 | _aB-465415-455 | ||
| 020 |
_a8123734891 _c40.00 |
||
| 035 | _aB-465415-455 | ||
| 037 | _bRBC/Ven | ||
| 082 | _a921 | ||
| 100 |
_aDash, S. C. _948313 |
||
| 245 |
_aGopabandhu Das / _bby S C Dash |
||
| 260 |
_aNew Delhi _bNational Book Trust _c2002 |
||
| 300 |
_avii, 135p. _c22 cm. (pbk) |
||
| 490 |
_aNational Biography _948314 |
||
| 942 |
_2ddc _cEN _h921 _mDAS |
||
| 999 |
_c67365 _d67365 |
||